Plant propagation by tissue culture 3rd edition

For researchers and students, George’s books have become the standard works on in vitro plant propagation. For this, the third edition of the classic work, authors with specialist knowledge have been brought on board to cover the hugely expanded number of topics in the subject area. Scientific knowl...

Full description

Saved in:
Bibliographic Details
Format: Book
Language:Undetermined
Published: New York Springer 2008
Subjects:
Tags: Add Tag
No Tags, Be the first to tag this record!
Institutions: Trung tâm Học liệu Trường Đại học Cần Thơ
LEADER 01397nam a2200217Ia 4500
001 CTU_144582
008 210402s9999 xx 000 0 und d
020 |c 226.99 
082 |a 631.53 
082 |b P713/Vol.1 
245 0 |a Plant propagation by tissue culture 3rd edition 
245 0 |c Geert-Jan De Klerk, Michael A. Hall, Edwin F. George (Edited) 
260 |a New York 
260 |b Springer 
260 |c 2008 
520 |a For researchers and students, George’s books have become the standard works on in vitro plant propagation. For this, the third edition of the classic work, authors with specialist knowledge have been brought on board to cover the hugely expanded number of topics in the subject area. Scientific knowledge has expanded rapidly since the second edition and it would now be a daunting task for a single author to cover all aspects adequately. However, this edition still maintains the integration that was characteristic of the previous editions. The first volume of the new edition highlights the scientific background of in vitro propagation. The second volume covers the practice of micropropagation and describes its various applications. 
526 |a Nuôi cấy mô thực vật 
526 |b CS608 
650 |a Plant propagation,Tuyên truyền thực vật 
904 |i Trúc 
980 |a Trung tâm Học liệu Trường Đại học Cần Thơ